Statistics for 10 Biggest Countries in the Middle East

Click here to take the quiz!

General Stats

  • This quiz has been taken 524 times
  • The average score is 7 of 10

Answer Stats

Area Country % Correct
2,149,690Saudi Arabia
94%
1,648,195Iran
91%
1,002,450Egypt
80%
438,317Iraq
80%
783,562Turkey
79%
185,180Syria
68%
309,500Oman
64%
527,968Yemen
62%
83,600United Arab Emirates
58%
89,342Jordan
57%

Score Distribution

Percentile by Number Answered

Percent of People with Each Score

Your Score History

You have not taken this quiz